1298 1029 1837 1050 1166 1793 1509 1579 1754 1511 1890 1962 1285 1419 1672 1641 1235 1132 1725 1040 1912 1383 1890 1630 1607 1687 1214 1584 1789 1680 1329 1431 1992 1635 1745 1608 1508 1076 1954 1041 1848 1056 1376 1562 1644 1625 1563 1537 1619 1270 1848 1020 1869 1754 1804 1382 1522 1714 1078 1062 1517 1696 1743 1635 1405 1726 1784 1609 1844 1475 1157 1299 1295 1578 1288 1096 1328 1886 1025 1433 1425 1685 1907 1862 1657 1398 1192 1495 1710 1862 1714 1803 1751 1113 1208 1208 1707 1843 1187 BCNSPRNW ULIB Ver.6.0+V

เปลี่ยนเป็นภาษาไทย

Change to English
 แสดงรายละเอียดบรรณานุกรม
  กลับหน้าหลัก

Brief Record : Get Marc (ISO 2709) : E-mail record : QR code < ปิดหน้าต่าง
LEADER : 00000nam 2200000uu 4500
001    13399114476
003     ULIB
008    120404s2553||||th 000 0 tha d
020    ^a9786117059230
090    ^aนว.^bก181ร 2553
100 0  ^aกรวรินทร์
245 00 ^aร้อยเล่ห์เสน่หา/^cกรวรินทร์
250    ^aพิมพ์ครั้งที่ 1
260    ^aกรุงเทพฯ :^bivy,^c2553
300    ^a380 หน้า
710 1  ^aivy
945    ^p260^l0^i17083
995    ^aกัณชพร
999    ^aใช้งานได้ทุกระบบ
รายการนี้ยังไม่มีแท็ก
คุณยังไม่ได้ล็อกอิน คุณสามารถมีกิจกรรมร่วมกับเว็บไซต์ได้ แต่ต้องล็อกอินก่อน ::
  ล็อกอิน

รายการสื่อสารสนเทศ

ลำดับที่ ประเภท เลขเรียก/บาร์โค้ด สถานที่ สถานะ
1. นวนิยาย
นวนิยาย
นว. ก181ร 2553  
  Barcode: 17083
ห้องสมุดวิทยาเขตสวรรค์ประชารักษ์
►นวนิยาย
บนชั้น
  ขอยืม

BibComment


ยังไม่เคยถูกคอมเมนท์

คอมเมนท์ทรัพยากรรายการนี้
  คอมเมนท์: ร้อยเล่ห์เสน่หา ..


 Copyright 2026. Bcnsprnw @Library